000 00602nam a22001937a 4500
999 _c172738
_d172738
005 20200212120350.0
010 _aENG-127703
020 _c1195.00
_a9789353289409
035 _aEN-111235
037 _bDBAD/PUB
082 _a304.28095416
100 _aBaviskar,Amita
245 _aUncivil City/
_cby Amita Baviskar
260 _aNew Delhi
_c2020
_bSage
270 _aB1/1-1 Mohan Cooperative Industrial Area Mathura Road
_e110044
_bNew Delhi
300 _axv;243p.
_b22cm(hb)
500 _aincludes bibliographical references and index
942 _2ddc
_cEN
_h304.28095416
_mBAV